| 000 | 00403nam a22001337a 4500 | ||
|---|---|---|---|
| 020 | _a8175540885 | ||
| 040 | _cNUST | ||
| 082 |
_a658.1 _bPRE |
||
| 100 |
_aBryan D Prescott _9125165 |
||
| 245 |
_aCreating A World Class Organization _bTen Performance Measures of Business Success |
||
| 260 |
_aIndia: _bInstitute of Directors, _c1999. |
||
| 650 | _2Creating A World Class Organization | ||
| 942 |
_2ddc _cBK |
||
| 999 |
_c610948 _d610948 |
||